Statistics for 20 Tom Lehrer songs by clue

Click here to take the quiz!

General Stats

  • This quiz has been taken 8 times
  • The average score is 13 of 20

Answer Stats

HintAnswer% Correct
Mental Math WizNew Math
100%
Fun hobbyPoisoning Pigeons In The Park
100%
Don't Forget Your ChemistryThe Elements
100%
A Fun ReligionThe Vatican Rag
100%
Rocket ScienceWernher Von Braun
100%
A Gory SouvenirI Hold Your Hand In Mine
83%
Climate ChangePollution
67%
See Ya MomSo Long, Mom
67%
Lots Of Game KilledThe Hunting Song
67%
The Eternal FalloutWe Will All Go Together When We Go
67%
A Long-Lasting RelationshipWhen You Are Old And Gray
67%
Big BoomWho's Next
67%
Southern SongI Wanna Go Back To Dixie
50%
Laugh Off The PainMasochism Tango
50%
A Good SisterIrish Ballad
33%
A Soldiers HopeIt Makes A Fellow Proud To Be A Soldier
33%
Good ScienceLobachevsky
33%
Utmost Of InbreedingOedipus Rex
33%
Remember Your SpellingSilent E
33%
Watching A Mushroom GrowThe Wild West Is Where I Wanna Be
17%

Score Distribution

Percentile by Number Answered

Percent of People with Each Score

Your Score History

You have not taken this quiz